VfB Stuttgart Squad 2018-2019 - Statistics

General Stats
  • This quiz has been taken 12 times
  • The average score is 16 of 30
Answer Stats
# Position Nation Player % Correct
27 FW Germany Mario Gómez
90%
11 FW Greece Anastasios Donis
80%
21 DF France Benjamin Pavard
80%
24 DF Croatia Borna Sosa
80%
22 FW Argentina Nicolás González
80%
6 MF Argentina Santiago Ascacíbar
80%
9 MF Switzerland Steven Zuber
80%
2 DF Argentina Emiliano Insúa
70%
1 GK Germany Ron-Robert Zieler
70%
31 MF Turkey Berkay Özcan
60%
20 MF Germany Christian Gentner
60%
10 MF Germany Daniel Didavi
60%
3 MF Germany Dennis Aogo
60%
18 DF Turkey Ozan Kabak
60%
- Coach Turkey Tayfun Korkut
60%
14 FW Germany Alexander Esswein
50%
32 DF Germany Andreas Beck
50%
19 FW DR Congo Chadrac Akolo
50%
5 DF Germany Timo Baumgartl
50%
17 MF Germany Erik Thommy
40%
28 DF Germany Holger Badstuber
40%
4 DF Germany Marc Oliver Kempf
40%
8 MF Germany Gonzalo Castro
30%
13 GK Germany Jens Grahl
30%
- Coach Germany Nico Willig
30%
26 GK Germany Alexander Meyer
20%
29 MF Poland David Kopacz
20%
- Coach Germany Markus Weinzierl
20%
36 MF Ghana Nunoo Sarpei
20%
7 DF Argentina Pablo Maffeo
20%
No matching quizzes found
Score Distribution
Percent of People with Each Score
Percentile by Number Answered
Your Score History
You have not taken this quiz